00314nam a22001097a 450000500170000000800410001704000130005808200230007124500390009426000600013330000110019320170530090433.0170530b xxu||||| |||| 00| 0 eng d cPK-LaUMT aZIAC 297.016bAFS- aAfsad ul baiyat aghtiyal lulhiyat/ aالریاض:bحقوق الطبع محفوظۃ،c1995 a166 ص